Oferta y demanda de la información y la capacitación para un mejor relacionamiento internacional Estado-sociedad civil / Clara Báez (Registro nro. 2048)

Detalles MARC
000 -LEADER
fixed length control field 00725nam a22001931a 4500
001 - CONTROL NUMBER
control field 2048
003 - CONTROL NUMBER IDENTIFIER
control field OSt
005 - DATE AND TIME OF LATEST TRANSACTION
control field 20260204211757.0
008 - FIXED-LENGTH DATA ELEMENTS--GENERAL INFORMATION
fixed length control field 040123s2002||||dr ||||||b||||||||||spa||
050 ## - LIBRARY OF CONGRESS CALL NUMBER
Classification number RD 361.763 B142o
082 ## - DEWEY DECIMAL CLASSIFICATION NUMBER
Classification number 361.763 B142o
100 ## - ASIENTO PRINCIPAL -- NOMBRE PERSONAL
Personal name Báez, Clara
245 ## - TÍTULO PROPIAMENTE DICHO: SUBTÍTULO
Title Oferta y demanda de la información y la capacitación para un mejor relacionamiento internacional Estado-sociedad civil / Clara Báez
264 ## - PRODUCTION, PUBLICATION, DISTRIBUTION, MANUFACTURE, AND COPYRIGHT NOTICE
Place of production, publication, distribution, manufacture Santo Domingo : INTEC, BID
300 ## - PHYSICAL DESCRIPTION
Extensión 119 p
490 ## - MENCIÓN DE SERIE
Series statement (Programa de Fortalecimiento de Organizaciones de la Sociedad Civil. Colección Sociedad Civil Nº 15)
700 ## - ASIENTO SECUNDARIO -- NOMBRE PERSONAL
Personal name SOCIEDAD CIVIL-REPUBLICA DOMINICANA 2.SERVICIOS DE INFORMACION-REPUBLICA DOMINICANAÌ
942 ## - ADDED ENTRY ELEMENTS (KOHA)
Source of classification or shelving scheme Dewey Decimal Classification
Koha item type Libros
Existencias
Withdrawn status Lost status Source of classification or shelving scheme Damaged status Not for loan Current library Date acquired Total Checkouts Full call number Barcode Date last seen Price effective from Koha item type
    Dewey Decimal Classification     Biblioteca UTECO 09/09/2019   RD 361.763 B142O 006118 09/09/2019 09/09/2019 Libros
© 2021 Derechos Reservados UTECO - Teléfono: +1 809-585-2291 - Correo electrónico: biblioteca@uteco.edu.do​  
Código postal 43000 ​​
Dirección: Avenida Universitaria No. 100, 
Cotuí, Provincia Sánchez Ramírez, República Dominicana - RNC: 404-00059-6